| 000 | 00721nam a2200217Ii 4500 | ||
|---|---|---|---|
| 003 | JO-AjNU | ||
| 008 | 230605s9999||||xx |||||||||||||| ||und|| | ||
| 017 | _a78/5940 | ||
| 020 | _a977-286-139-9 | ||
| 040 |
_aJO-AjNU _bara _erda _cJO-AjNU |
||
| 041 | _aara | ||
| 050 | 1 | 4 | _aLC189.A5 1978 |
| 100 | 3 |
_aوافي،علي عبد الواحد, _eauthor _913164 |
|
| 245 | 0 | 0 | _aعوامل التربية:بحوث في علم الإجتماع التربوي و الأخلاقي |
| 264 | 3 | 1 | _aالقاهرة:دار النهضة |
| 300 | _a227ص | ||
| 336 |
_atext _btxt _2rdacontent |
||
| 337 |
_aunmediated _bn _2rdamedia |
||
| 338 |
_avolume _bnc _2rdacarrier |
||
| 650 | 4 |
_aالتربية-علم إجتماع-بحوث _913165 |
|
| 999 |
_aA3204 _c6772 _d6772 |
||